Normale Ansicht MARC-Ansicht

Eintrag Personenname

Verwendet in 1 Titel(n)

001 - Kontrollnummer

  • Kontrollfeld: 67336

003 - Kontrollnummer Identifier

  • Kontrollfeld:

005 - Datum und Zeit der letzten Transaktion

  • Kontrollfeld: 20251016152549.0

008 - Datenelemente mit fester Länge

  • Kontrollfeld mit fester Länge: 251016|| aca||aabn | a|a d

040 ## - Katalogisierungsquelle

  • Original-Katalogisierungsstelle:
  • Übertragungsstelle:

100 ## - Ansetzung - Personenname

  • Personenname: Toal, Gerard
  • Datumsangaben in Verbindung mit einem Namen: 1962-

670 ## - Datenquelle

  • Quellenangabe: Work cat.: ()73028: 1\p Toal, Gerard 1962- VerfasserIn (DE-588)121612457 (DE-627)081421923 (DE-576)176325433 aut, Near abroad